000 00479nam a2200193Ia 4500
003 GCL
008 140319s9999 xx 000 0 aRus d
040 _aGCL /
_cGCL
082 0 4 _a861
_bB H
100 1 _aBORGES, JORGE LUIS
245 1 0 _aLE HACEDOR /
_cBORGES, JORGE LUIS
260 _a[S.N] :
_bALIANZA EDITORIAL ،
_c1987
300 _a152 P
650 0 4 _aLITERATURE
650 0 4 _aPOETRY
650 0 4 _aSPANISH LITERATURE
650 0 4 _aSPANISH POETRY
942 _2ddc
_cBK
999 _c10651
_d10651